000 00681nam a2200253Ia 4500
003 OSt
005 20220924121443.0
006 a|||||r|||| 00| 0
007 ta
008 220923b |||||||| |||| 00| 0 tel d
020 _cRs.40
024 _a347689
037 _cTextual
040 _aARTS
_cARTS
_btel
041 _2tel
_atel
082 _aO35,6N02x, N0
100 _aChalasani Prasad Au.
_9184565
245 0 _aSri Sri Upanyasalu
260 _aHyderabad
_bVirasam Publications India
_c1990
300 _a299p.
_ccm.
650 _aTELUGU LITERATURE
942 _hO35,6N02x, N0
_cTEXL
_2CC
999 _c407546
_d407546